Ohlasovanie v dobe Košických mučeníkov

Bibliographic Details
Main Authors: Fabian, Anton, 1950- (Author), Pongrác, Štefan, svätý, 1582-1619 (Author), Grodecký, Melichar, svätý, 1584-1619 (Author), Križin, Marek, svätý, 1589-1619 (Author)
Format: Article
Language:Slovak
PhysicalDescription:Lit. 9 zázn. v lat., nem., slov., tal.
ISSN:1210-1605
Subjects:

MARC

LEADER 00000nab a2200000 a 4500
001 vtls000548361
003 SK-MaSNL
005 20260304210143.0
008 250425c1995 xo 0 slo
015 |a SNBRB19rr/mm-uuuuu 
035 |a CL0548499 
035 |a urn:nbn:sk:snk-ab9vzs 
035 |a (urnnbn)urn:nbn:sk:snk:ar-a091wd 
035 |a (uuid)af8db88a-32a8-4f72-b855-86eace0dca04 
040 |a SNKBUCL  |b slo  |c SNKBUCL  |e AACR2 
041 0 |a slo 
044 |a xo  |c SK 
080 |a 282(091)  |2 1981 
080 |a 262.6  |2 1981 
100 1 |a Fabian, Anton,  |d 1950-  |4 aut  |9 249786 
245 1 0 |a Ohlasovanie v dobe Košických mučeníkov  |c Anton Fabián 
300 |b Lit. 9 zázn. v lat., nem., slov., tal. 
610 2 7 |a Katolícka cirkev  |2 snkbucl  |9 206702 
650 0 7 |a Tridentský koncil  |2 snkbucl  |9 489944 
655 7 |a články z novín a časopisov  |2 snkbucl  |9 267496 
700 1 |a Pongrác, Štefan,  |c svätý,  |d 1582-1619  |4 aut  |9 180465 
700 1 |a Grodecký, Melichar,  |c svätý,  |d 1584-1619  |4 aut  |9 180466 
700 1 |a Križin, Marek,  |c svätý,  |d 1589-1619  |4 aut  |9 180464 
773 0 |t Verbum  |g Roč. 6, č. 1 (1995), s. 15-18  |x 1210-1605 
850 |a Slovenská národná knižnica 
852 |a Slovenská národná knižnica 
954 |a odborná, vedecká literatúra pôvodná (slovenská)  |2 lita 
958 |a article13 
958 |a OND 
958 |a NB 
958 |a RK 
958 |a SK 
958 |a EUIPO 
992 |a RBX 
999 |c 3124739  |d 3126669